LIBRARY & INFORMATION CENTRE, KCAET, TAVANUR

ONLINE PUBLIC ACCESS CATALOGUE (OPAC)

Engineering hydrology / (Record no. 11298)

MARC details
000 -LEADER
fixed length control field 00610cam a2200157ua 4500
003 - CONTROL NUMBER IDENTIFIER
control field OSt
008 - FIXED-LENGTH DATA ELEMENTS--GENERAL INFORMATION
fixed length control field 220205b ||||| |||| 00| 0 eng d
041 ## - LANGUAGE CODE
Language code of text/sound track or separate title eng
082 ## - DEWEY DECIMAL CLASSIFICATION NUMBER
Classification number 551.48
Item number SUB/EN
100 ## - MAIN ENTRY--AUTHOR NAME
Personal name Subramanya, K .
245 ## - TITLE STATEMENT
Title Engineering hydrology /
260 ## - PUBLICATION, DISTRIBUTION, ETC. (IMPRINT)
Place of publication New Delhi :
Name of publisher Tata Mc-Graw Hill Publishing Company ,
Year of publication 1982.
300 ## - PHYSICAL DESCRIPTION
Number of Pages 308 ; .
505 ## - FORMATTED CONTENTS NOTE
Formatted contents note 1Introduction<br/>2 Precipitation<br/>3 Abstraction from Precipitation<br/>4 Stream flow Measurement<br/>5 Runoff<br/>6 Hydrographs<br/>7 Floods<br/>8 Flood Routing<br/>9 Ground Water<br/>10 Erosion and reservoir Sedimentation<br/>Objective questions
942 ## - ADDED ENTRY ELEMENTS (KOHA)
Koha item type Books
Holdings
Withdrawn status Lost status Damaged status Home library Current library Date acquired Full call number Accession Number Koha item type
      KAUAET KAUAET 07/04/2012 551.48 15676 Books
free website counter